| Tag |
First Indicator |
Second Indicator |
Subfields |
| LEADER |
00000cam a22000001 4500 |
| 001 |
in00000043297 |
| 005 |
20201128063518.0 |
| 008 |
711124s1965 nyua b 00010 eng |
| 010 |
|
|
|a 65019472
|
| 035 |
|
|
|a (OCoLC)00550479
|
| 035 |
|
|
|9 AAE5039AM
|
| 040 |
|
|
|a DLC
|c DLC
|d TXA
|d UtOrBLW
|
| 049 |
|
|
|a TXAM
|c [470746]
|
| 050 |
0 |
0 |
|a QH308
|b .T4
|
| 082 |
0 |
|
|a 574
|
| 092 |
|
|
|a 574
|b T271b, 1965
|
| 100 |
1 |
|
|a Telfer, William H.
|
| 245 |
1 |
4 |
|a The biology of organisms /
|c by William H. Telfer [and] Donald Kennedy.
|
| 264 |
|
1 |
|a New York :
|b J. Wiley,
|c [1965]
|
| 300 |
|
|
|a xi, 374 pages :
|b illustrations ;
|c 24 cm.
|
| 336 |
|
|
|a text
|b txt
|2 rdacontent
|
| 337 |
|
|
|a unmediated
|b n
|2 rdamedia
|
| 338 |
|
|
|a volume
|b nc
|2 rdacarrier
|
| 504 |
|
|
|a Bibliography: pages 359-361.
|
| 650 |
|
0 |
|a Biology.
|
| 700 |
1 |
|
|a Kennedy, Donald,
|d 1931-2020.
|
| 999 |
|
|
|a MARS
|
| 999 |
f |
f |
|s 44591f93-6d74-319b-97c7-3d0ab92eaabc
|i 76d37866-3758-31bc-bdd4-863c8cf19ce5
|t 0
|
| 952 |
f |
f |
|p ric
|a Texas A&M University
|b Rellis Campus
|c Joint Library Facility
|d Remote Storage
|t 0
|e QH308 .T4
|h Library of Congress classification
|i unmediated -- volume
|m A14800971290
|
| 998 |
f |
f |
|a QH308 .T4
|t 0
|l Remote Storage
|